000 00465nam a2200181Ia 4500
001 23531
005 20260414150943.0
008 260414t2004||||xx |||||||||||||| ||spa||
041 _aESP
082 _a660.284
_bM26
100 _aMartíñez de la Cuesta, Pedro J.
_eAUT
245 0 _aOperaciones de separación en Ingeniería Química
_b
260 _c2004
300 _a1010 páginas :
_ccm.
650 _aTCA
654 _aCII
942 _cLIB
_dJUS
_fJUS
_2ddc
_n
999 _c23531
_d23531